000 00450nmm a2200157Ia 4500
008 251105s9999||||xx |||||||||||||||||und||
020 _a9789587713879
041 _aspa
100 _aRodríguez, César
245 0 _aNutrición oncológica
264 _a[Bogotá, Colombia] :
_bEcoe Ediciones,
_c2016
300 _a138 páginas
650 _aMind, body and spirituality
856 _uhttps://public.digitaliapublishing.com/a/102992
942 _cCF
999 _c96223
_d96223